Propuesta didáctica: la educación de niños de 2 a 3 años

Saved in:
Bibliographic Details
Main Author: Justo de la Rosa, Marisol (Author)
Format: Book
Language:Spanish
Published: Ciudad de México Trillas 2006
Edition:2a. ed
Subjects:
Tags: Add Tag
No Tags, Be the first to tag this record!

MARC

LEADER 00000nam a2200000 a 4500
001 UCI6298
003 CL-VaPUC
008 080430e20060000MX |||||||||||||||||spa|d
020 |a 9682474744 
082 0 4 |a 372.21  |b JUS  |2 21 
100 |a Justo de la Rosa, Marisol  |e author  |9 529101 
245 1 0 |a Propuesta didáctica: la educación de niños de 2 a 3 años 
250 |a 2a. ed 
300 |a 240 p 
942 |c BK 
945 |d 20080430 00:00:00  |a rbrito 
260 |a Ciudad de México  |b Trillas  |c 2006 
650 0 |a Educación preescolar  |9 260381 
650 7 |a PSICOLOGIA PEDAGOGICA  |2 CL-VaPUC  |9 308187 
650 0 |a Métodos de enseñanza  |9 270413 
650 0 |a Aprendizaje   |9 254827 
583 |a last modification  |c 20080430 00:00:00  |k Rodrigo Vera 
999 |c 329821  |d 329819 
952 |0 0  |1 0  |4 0  |6 372_210000000000000_JUS_2006  |7 0  |8 A  |9 414927  |a BIBEDU  |b BIBEDU  |d 2019-11-22  |i 4435125  |o 372.21 JUS 2006  |p 4435125  |r 2019-11-22  |w 2019-11-22  |y BK  |k PAR